La imagen transgredida : (Registro nro. 14408)

Detalles MARC
000 -LEADER
campo de control de longitud fija 02954cam a2200493Ma 4500
003 - IDENTIFICADOR DE NÚMERO DE CONTROL
campo de control PE-LiUPU
005 - FECHA Y HORA DE LA ÚLTIMA TRANSACCIÓN
campo de control 20250731183355.0
008 - DATOS DE LONGITUD FIJA--INFORMACIÓN GENERAL
campo de control de longitud fija 160915s2016 pe r 000 0 spa d
020 ## - NÚMERO INTERNACIONAL ESTÁNDAR DEL LIBRO
Número Internacional Estándar del Libro 6124329042
020 ## - NÚMERO INTERNACIONAL ESTÁNDAR DEL LIBRO
Número Internacional Estándar del Libro 9786124329043
035 ## - NÚMERO DE CONTROL DEL SISTEMA
Número de control de sistema (Sirsi) i9786124329043
040 ## - FUENTE DE CATALOGACIÓN
Centro catalogador/agencia de origen PUCPR
Lengua de catalogación spa
Centro/agencia transcriptor PUCPR
Centro/agencia modificador PE-LiUPU
Normas de descripción rda
082 #4 - NÚMERO DE LA CLASIFICACIÓN DECIMAL DEWEY
Número de clasificación 704.948985
Cutter M88
100 1# - ENTRADA PRINCIPAL--NOMBRE DE PERSONA
Nombre de persona Mujica Pinilla, Ramón,
Término indicativo de función/relación autor.
245 13 - MENCIÓN DEL TÍTULO
Título La imagen transgredida :
Resto del título ensayos de iconografía peruana y sus políticas de representación simbólica /
Mención de responsabilidad, etc. Ramón Mujica Pinilla ; presentación Naalie Condori Jahuira ; prólogo Jaime Cuadriello Aguilar.
250 ## - MENCION DE EDICION
Mención de edición Primera edición.
264 #1 - PRODUCCIÓN, PUBLICACIÓN, DISTRIBUCIÓN, FABRICACIÓN Y COPYRIGHT
Producción, publicación, distribución, fabricación y copyright Lima :
Nombre del de productor, editor, distribuidor, fabricante Fondo Editorial del Congreso del Perú,
Fecha de producción, publicación, distribución, fabricación o copyright 2016.
300 ## - DESCRIPCIÓN FÍSICA
Extensión 721 páginas :
Otras características físicas ilustraciones ;
Dimensiones 26 centímetros
336 ## - TIPO DE CONTENIDO
Término de tipo de contenido text
Fuente rdacontent
337 ## - TIPO DE MEDIO
Nombre/término del tipo de medio unmediated
Fuente rdamedia
338 ## - TIPO DE SOPORTE
Nombre/término del tipo de soporte volume
Fuente rdacarrier
504 ## - NOTA DE BIBLIOGRAFÍA, ETC.
Nota de bibliografía, etc. Bibliografía en el contenido.
505 ## - NOTA DE CONTENIDO CON FORMATO
Nota de contenido con formato El Taki Onqoy: La pervivencia de un modelo andino de resistencia cultural -- El "Niño Jesús Inca" y los jesuitas en el Cusco virrenal -- Ángeles y demonios en la conquista del Perú -- El sermón a las aves o el culto a los ángeles en el Virreinato Peruano -- Épica americana e imperio español: el poema ilustrado del Conde de la Granja -- en el Lázaro Galdiano -- Arte e identidad: las raíces culturales del Barroco peruano -- El arte y los sermones -- Identidades alegóricas: lecturas iconográficas del Barroco peruano -- Semiótica de la imagen sagrada: la teúrgia del signo en clave americana -- Sobre imagineros e imaginarios andinos: algunas cuestiones metodológicas e históricas -- La rebelión de los lápices: la caricatura política peruana en el siglo XIX -- De alfarero civilizador a artesano insurgente: el trafondo político de un lienzo de Francisco Laso -- Primitivos modernos: Picasso y el arte precolombino peruano.
526 ## - NOTA DE INFORMACIÓN SOBRE EL PROGRAMA DE ESTUDIO
Nombre del programa Maestría Bim Facility Management (A distancia)
526 ## - NOTA DE INFORMACIÓN SOBRE EL PROGRAMA DE ESTUDIO
Nombre del programa
526 ## - NOTA DE INFORMACIÓN SOBRE EL PROGRAMA DE ESTUDIO
Nombre del programa Educación musical y artes
526 ## - NOTA DE INFORMACIÓN SOBRE EL PROGRAMA DE ESTUDIO
Nombre del programa Educación, especialidad educación física
526 ## - NOTA DE INFORMACIÓN SOBRE EL PROGRAMA DE ESTUDIO
Nombre del programa Arquitectura
541 ## - NOTA DE FUENTE DE ADQUISICIÓN DIRECTA
-- 003-0047644;
596 ## -
-- 1
650 14 - PUNTO DE ACCESO ADICIONAL DE MATERIA--TÉRMINO DE MATERIA
Término de materia o nombre geográfico como elemento de entrada Iconografía religiosa
Subdivisión geográfica Perú.
650 24 - PUNTO DE ACCESO ADICIONAL DE MATERIA--TÉRMINO DE MATERIA
Término de materia o nombre geográfico como elemento de entrada Antropología cultural
Subdivisión geográfica Perú.
650 24 - PUNTO DE ACCESO ADICIONAL DE MATERIA--TÉRMINO DE MATERIA
Término de materia o nombre geográfico como elemento de entrada Arte barroco
Subdivisión geográfica Perú.
650 24 - PUNTO DE ACCESO ADICIONAL DE MATERIA--TÉRMINO DE MATERIA
Término de materia o nombre geográfico como elemento de entrada Arte cristiano y simbolismo
Subdivisión geográfica Perú.
650 24 - PUNTO DE ACCESO ADICIONAL DE MATERIA--TÉRMINO DE MATERIA
Término de materia o nombre geográfico como elemento de entrada Identidad cultural
Subdivisión geográfica Perú.
700 1# - ENTRADA AGREGADA--NOMBRE PERSONAL
Nombre de persona Condori Jahuira, Natalie,
Término indicativo de función/relación presentadora.
700 1# - ENTRADA AGREGADA--NOMBRE PERSONAL
Nombre de persona Cudriello Aguilar, Jaime,
Término indicativo de función/relación prólogista.
710 2# - ENTRADA AGREGADA--NOMBRE DE ENTIDAD CORPORATIVA
Nombre de entidad corporativa o nombre de jurisdicción como elemento de entrada Fondo Editorial del Congreso del Perú.
910 ## - DATOS DE OPCIÓN DEL USUARIO (OCLC)
Datos de opción del usuario jck
-- ebj
-- ebj
-- 20161212
942 ## - ELEMENTOS DE ENTRADA SECUNDARIOS (KOHA)
Fuente del sistema de clasificación o colocación Clasificación Decimal Dewey
Tipo de ítem Koha
949 ## - PROCESAMIENTO DE INFORMACIÓN LOCAL (OCLC)
a 704.948985 M88
w DEWEY
c 1
i 75008
l CCODEBUL1
m BUL
p 45.97
r 0
s Y
t BOOK
u 2016-12-12
x INGENIERIA
-- P06
0 COMPRA
o .STAFF. Colección General
994 ## -
-- C0
-- PEPRU
999 ## - NÚMEROS DE CONTROL DE SISTEMA (KOHA)
-- DEWEY
-- 75008
-- 2021-11-9
-- 7
-- CCODEBUL1
-- BUL
-- 45.97
-- 0
-- Y
-- BOOK
-- 2016-12-12
-- INGENIERIA
-- P06
-- COMPRA
-- .STAFF. Colección General
980 ## - EQUIVALENCIA O REFERENCIA-CRUZADA-MENCIÓN DE SERIE--NOMBRE DE PERSONA/TÍTULO [LOCAL, CANADÁ]
ID del último usuario que modificó el registro 1
Nombre del último usuario que modificó el registro ALBERTO SANCHEZ Responsable de Automatización
Existencias
Visto por última vez Número de inventario Total de préstamos Signatura topográfica completa Código de barras Copia número Coste, precio de reemplazo Fecha de reemplazo Facultad Tipo de ítem Koha Nota pública Estado de pérdida Fuente del sistema de clasificación o colocación Restricciones de uso No para préstamo Colección Programa académico Biblioteca de origen Biblioteca actual Ubicación en estantería Fecha de adquisición Fuente de adquisición Coste, precio normal de compra
2025-12-03 8   704.948985 M88 75008 e1 50.97 2016-12-12 FIA Libros físicos inventario-2023-12-13 No Perdido Clasificación Decimal Dewey No restringido Disponible para préstamos Colección General Arquitectura Biblioteca CRAI UPeU Lima Biblioteca CRAI UPeU Lima Sala principal 2016-12-12 COMPRA 45.97